LEADER 01475nam a2200277 i 4500 001 000000366492 003 CaOOAMICUS 005 20260218120338.0 008 260218s2023 it u000 u ita u 020 $a978-88-372-3849-0 040 $aSeMil$bita 100 1 $aLandsberg, Paul Ludwig,$d<1901-1944>.$0(OLS)http://semarc/name/6149 240 14$aDie Welt des Mittelalters und wir :$bein geschichtsphilosophischer Versuch über den Sinn eines Zeitalters.$0(OLS)http://semarc/title/458233 245 13$aIl mondo del Medio Evo e noi :$bun saggio di filosofia della storia sul senso di un'epoca /$cPaul Ludwig Landsberg ; edizione italiana a cura di Gerardo Cunico. 264 1$aBrescia :$bMorcelliana,$c2023. 300 $a234 p. ;$c19 cm. 490 0 $aIl pellicano rosso. Nuova serie ;$v360 650 04$aFilosofia cristiana - Medioevo.$0(OLS)http://semarc/subject/58549 700 1 $aCunico, Gerardo,$d<1949- >.$0(OLS)http://semarc/name/90642 830 3$aIl pellicano rosso. Nuova serie ;$v360.$0(OLS)http://semarc/title/11366 850 $aSeMil 852 $aSeMil$W1$xVenegono$y1$m2LA V 360$j267302$B257232$CSeMilBibl$Z2$F257232 $81 996 $6020$a978-88-372-3849-0$9(OLS)http://semarc/number/305329 996 $6245$aIl mondo del Medio Evo e noi :$bun saggio di filosofia della storia sul senso di un'epoca$9(OLS)http://semarc/title/458232 996 $6264$aBrescia :$bMorcelliana$9(OLS)http://semarc/publisher/29629 LEADER 01237nam a2200277 i 4500 001 000000186044 003 CaOOAMICUS 005 20260415145913.0 008 150921n it u000 u ita u 013 $a164090 040 $aSeMil$bita 100 1 $aBoccaccio, Giovanni,$d<1313-1375>.$0(OLS)http://semarc/name/1203 245 10$aOpere in versi ; Corbaccio ; Trattatello in laude di Dante ; Prose latine ; Epistole. /$cGiovanni Boccaccio ; a cura di Pier Giorgio Ricci. 264 1$aNapoli :$bRicciardi,$c1965. 300 $aXI, 1347 p. ;$c22 cm. 490 1 $aLa letteratura italiana : storia e testi ;$v9 500 $aIn custodia 700 1 $aRicci, Pier Giorgio,$d<1912-1976>.$0(OLS)http://semarc/name/9013 830 3$aLa letteratura italiana : storia e testi ;$v9.$0(OLS)http://semarc/title/220 850 $aSeMil 852 $aSeMil$W1$xVenegono$y1$m3GC VII 205$j136731$B136731$CSeMilBibl$Z2$F148290 $8B 941 1 $a3 961 $aLascito: Colombo Card. Giovanni 996 $6245$aOpere in versi ; Corbaccio ; Trattatello in laude di Dante ; Prose latine ; Epistole.$9(OLS)http://semarc/title/267406 996 $6264$aNapoli :$bRicciardi$9(OLS)http://semarc/publisher/35225